Nonlinear wave equations perturbed by viscous terms

Αποθηκεύτηκε σε:
Λεπτομέρειες βιβλιογραφικής εγγραφής
Κύριος συγγραφέας: Maslov, V. P. (Viktor Pavlovich)
Άλλοι συγγραφείς: Mosolov, Petr Petrovich
Μορφή: Βιβλίο
Γλώσσα:English
Russian
Δημοσίευση: Berlin ; New York : Walter de Gruyter, 2000.
Σειρά:De Gruyter expositions in mathematics ; 31
Θέματα:
Ετικέτες: Προσθήκη ετικέτας
Δεν υπάρχουν, Καταχωρήστε ετικέτα πρώτοι!

MARC

LEADER 00000cam a2200000 i 4500
001 1/94793
008 081001s2000 gw | ||| |||| ||eng||
020 |a 3110152827 
035 |l 10100569 
040 |a GR-MyUA  |b gre  |e AACR2 
041 1 |a eng  |h rus 
082 0 |a 533.01515353  |2 (22) 
100 1 |a Maslov, V. P.   |q (Viktor Pavlovich) 
245 1 0 |a Nonlinear wave equations perturbed by viscous terms /   |c by Viktor P. Maslov, Petr P. Mosolov ; translated from the Russian by M. A. Shishkova.  
260 |a Berlin ; New York :   |b Walter de Gruyter,   |c 2000.  
300 |a x, 329 σ. :   |b εικ. ;   |c 25 εκ.  
490 1 |a (De Gruyter expositions in mathematics   |v ; 31)  
500 |a Τίτλος πρωτοτύπου: Uravneniya odnomernogo barotropnogo gaza.  
504 |a Περιέχει βιβλιογραφικές παραπομπές και ευρετήριο.  
650 0 0 |a Gas dynamics. 
650 0 0 |a Navier-Stokes equations. 
700 1 |a Mosolov, Petr Petrovich. 
830 0 |a De Gruyter expositions in mathematics ;  |v  31 
852 |a INST  |b SAMOS  |e 20081001  |h 533.01515353 MAS  |p 005300030025  |q 005300030025  |t BK  |y 0 
901 |a BIBL3-2008-3 
909 |a Σ  |b 152298 
922 |a 3ΕΛΗ  |b 200803  |c ΕΠΕΑΕΚ2/ΤΜΗΜΑ ΜΑΘΗΜΑΤΙΚΩΝ  |d ΠΑΤΑΚΗΣ 
970 |a ΡΟΥΣΣΟΥ  |b ΚΩΝΣΤΑΝΤΙΝΑ  |z 2008/10/01